000 00733nam a2200289Ia 4500
005 20260324112616.0
008 008 260324s9999 xx 000 0 eng d
020 _a9781003428466
037 _aEBOOK
040 _aCRL
040 _beng
040 _cCRL
041 _2eng
041 _aeng
084 _qCRL
100 _aJ Dhilipan; V Saravanan; R Agusthiyar
_91143409
245 0 _aHuman Machine Interaction in the Digital Era
245 0 _bTowards Conversational Artificial Intelligence
260 _bTaylor and Francis
260 _c2024
365 _a
365 _b330
856 _uhttp://www.taylorfrancis.com/books/9781003428466
942 _cEBOOK
999 _c1732674
_d1732674